000 00417nam a2200181Ia 4500
001 9797
005 20260306161744.0
008 260306t2008||||xx |||||||||||||| ||spa||
041 _aESP
082 _a461
_bT72
100 _aToro Flores, Yury Augusto
_eAUT
245 0 _aRazonamiento verbal
260 _c2008
300 _a181, 1 páginas :
_ccm.
650 _aGEN
654 _aCHU
942 _cLIB
_dJUS
_fJUS
_2ddc
_n
999 _c9797
_d9797